[Event "Rated Blitz game"]
[Site "?"]
[Date "2021.04.12"]
[Round "?"]
[White "RokVr"]
[Black "annaly1979"]
[Result "1-0"]
[WhiteElo "2436"]
[BlackElo "2400"]
[PlyCount "101"]
[EventDate "2021.??.??"]
[EventType "blitz"]

1. e4 e5 2. Nf3 d5 3. exd5 e4 4. Ne5 Bd6 5. d4 Nf6 6. c4 b6 7. Nc3 h6 8. h3 O-O
9. Be2 Re8 10. Ng4 Nbd7 11. Ne3 Nf8 12. a3 a5 13. b3 Ng6 14. Bb2 Nf4 15. Bf1
Qe7 16. g3 Nd3+ 17. Bxd3 exd3 18. Bc1 Bd7 19. Qxd3 Rad8 20. Kd1 Nh7 21. Kc2 Ng5
22. h4 Nf3 23. Bb2 Qf6 24. Rad1 Re7 25. Kb1 Rde8 26. Ka2 a4 27. bxa4 Bxg3 28.
d6 Rxe3 29. fxe3 Bf5 30. e4 Bg4 31. e5 Qe6 32. dxc7 Rc8 33. Nd5 Nxh4 34. Qxg3
Bxd1 35. Rxd1 Nf5 36. Qb3 Ne7 37. Rc1 h5 38. Qxb6 Qxb6 39. Nxe7+ Kh7 40. Nxc8
Qxc7 41. Nd6 h4 42. Rh1 g5 43. d5 Qe7 44. Ne4 Kg6 45. Rg1 h3 46. d6 Qe6 47.
Rxg5+ Kh6 48. Kb3 h2 49. Bc1 Kh7 50. Rh5+ Kg6 51. Rxh2 {Time forfeit} 1-0

[Event "Rated Blitz game"]
[Site "?"]
[Date "2021.04.12"]
[Round "?"]
[White "Chessplayer2075"]
[Black "DonCroccante"]
[Result "0-1"]
[WhiteElo "2413"]
[BlackElo "2281"]
[PlyCount "54"]
[EventDate "2021.??.??"]
[EventType "blitz"]

1. e4 e5 2. Nf3 d5 3. Nxe5 Bd6 4. d4 dxe4 5. Nc4 Nf6 6. Ne3 Nc6 7. Be2 O-O 8.
O-O Nxd4 9. g3 Nxe2+ 10. Qxe2 Bh3 11. Rd1 Re8 12. Nc3 Qc8 13. Ncd5 Ng4 14. Bd2
Nxe3 15. Nxe3 Bc5 16. f3 exf3 17. Qxf3 Bg4 18. Qf2 Bxd1 19. Rxd1 Qe6 20. Re1
Rad8 21. Bc1 Re7 22. Kg2 Rde8 23. Kf3 Qe4+ 24. Ke2 Bxe3 25. Bxe3 Qxe3+ 26. Qxe3
Rxe3+ 27. Kf2 Rxe1 {Normal} 0-1

[Event "Rated Blitz game"]
[Site "?"]
[Date "2021.04.12"]
[Round "?"]
[White "RokVr"]
[Black "Dzon_Vejn"]
[Result "1-0"]
[WhiteElo "2439"]
[BlackElo "2394"]
[PlyCount "65"]
[EventDate "2021.??.??"]
[EventType "blitz"]

1. e4 e5 2. Nf3 d5 3. Nxe5 Bd6 4. d4 dxe4 5. Nc4 Be7 6. Nc3 Nf6 7. Bf4 c6 8.
Be2 Bf5 9. Ne3 Bg6 10. h4 h6 11. d5 Bb4 12. Qd4 c5 13. Qe5+ Qe7 14. O-O-O Qxe5
15. Bxe5 Nbd7 16. Bxf6 Nxf6 17. Nb5 Kd7 18. h5 Bh7 19. c3 Ba5 20. Nc4 Bd8 21.
Ne5+ Ke7 22. Bc4 Ne8 23. d6+ Kf6 24. Nxf7 Rf8 25. d7 Nc7 26. Nxd8 Nxb5 27. Ne6
Ke7 28. Nxf8 Rxf8 29. Bxb5 a6 30. d8=Q+ Rxd8 31. Rxd8 Kxd8 32. Rd1+ Kc7 33. Be2
{Normal} 1-0

[Event "Rated Blitz game"]
[Site "?"]
[Date "2021.04.12"]
[Round "?"]
[White "checkmamy"]
[Black "GrandeGila"]
[Result "0-1"]
[WhiteElo "2414"]
[BlackElo "2443"]
[PlyCount "46"]
[EventDate "2021.??.??"]
[EventType "blitz"]

1. e4 e5 2. Nf3 d5 3. exd5 e4 4. Qe2 Nf6 5. d3 Qxd5 6. Nc3 Bb4 7. Bd2 Bxc3 8.
Bxc3 O-O 9. Bxf6 exf3 10. Qe5 Qc6 11. O-O-O Qxf6 12. Qxc7 Nc6 13. gxf3 Qxf3 14.
Rg1 Qxf2 15. Bg2 Be6 16. Kb1 Nd4 17. Rdf1 Qd2 18. Rd1 Qb4 19. c3 Qa4 20. cxd4
Qxa2+ 21. Kc1 Rac8 22. Qxc8 Rxc8+ 23. Kd2 Qxb2+ {Normal} 0-1

[Event "Rated Blitz game"]
[Site "?"]
[Date "2021.04.12"]
[Round "?"]
[White "vaiCheb0a"]
[Black "Dzon_Vejn"]
[Result "1-0"]
[WhiteElo "2410"]
[BlackElo "2417"]
[PlyCount "85"]
[EventDate "2021.??.??"]
[EventType "blitz"]

1. e4 e5 2. Nf3 d5 3. exd5 e4 4. Qe2 Nf6 5. Nc3 Be7 6. Nxe4 O-O 7. d6 cxd6 8.
d3 d5 9. Nxf6+ Bxf6 10. Qd1 Qb6 11. Be2 Bxb2 12. Rb1 Bc3+ 13. Bd2 Bxd2+ 14.
Nxd2 Qg6 15. O-O Nc6 16. Bf3 Qd6 17. Re1 b6 18. c4 Be6 19. Qa4 Nd4 20. Bxd5
Bxd5 21. cxd5 Qxd5 22. Nc4 Ne6 23. Re3 Rfb8 24. Ne5 Re8 25. a3 Nf4 26. Qxf4 f6
27. Nf3 Rxe3 28. Qxe3 Rd8 29. d4 h6 30. h3 Kh8 31. Rc1 Qd6 32. Qe4 Qxa3 33. Rc7
Qd6 34. Rxa7 Rb8 35. Nh4 b5 36. Ng6+ Kg8 37. Ne7+ Kf8 38. Nf5 Qd8 39. Rxg7 b4
40. Qg4 Qd5 41. Rh7 Rd8 42. Qg7+ Ke8 43. Qe7# {Normal} 1-0

[Event "Rated Blitz game"]
[Site "?"]
[Date "2021.04.12"]
[Round "?"]
[White "Krylxss"]
[Black "KamranShirazi"]
[Result "0-1"]
[WhiteElo "2500"]
[BlackElo "2547"]
[PlyCount "72"]
[EventDate "2021.??.??"]
[EventType "blitz"]

1. e4 e5 2. Nf3 d5 3. d4 dxe4 4. Nxe5 Nd7 5. f4 Nxe5 6. fxe5 Nh6 7. Be2 Ng4 8.
O-O Qh4 9. Bxg4 Bxg4 10. Qe1 Qxe1 11. Rxe1 Bf5 12. Nd2 O-O-O 13. c3 c5 14. Nxe4
cxd4 15. Ng3 Be6 16. cxd4 Rxd4 17. Be3 Ra4 18. b3 Ra6 19. Rac1+ Kb8 20. Red1
Ba3 21. Rc2 Rc8 22. Rxc8+ Kxc8 23. Ne4 h6 24. Rd2 Rc6 25. Kf2 a5 26. Kf3 g5 27.
h4 gxh4 28. Bxh6 Bc1 29. Nd6+ Kd7 30. Nb5+ Bxd2 31. Bxd2 Rc2 32. Bxa5 Rxa2 33.
b4 Bd5+ 34. Kg4 Rxg2+ 35. Kxh4 Be6 36. Nd4 Rg4+ {Normal} 0-1

[Event "Rated Blitz game"]
[Site "?"]
[Date "2021.04.12"]
[Round "?"]
[White "popina123"]
[Black "GrandeGila"]
[Result "0-1"]
[WhiteElo "2482"]
[BlackElo "2464"]
[PlyCount "58"]
[EventDate "2021.??.??"]
[EventType "blitz"]

1. e4 e5 2. Nf3 d5 3. exd5 e4 4. Qe2 Nf6 5. Nc3 Be7 6. Nxe4 Nxd5 7. Qd1 O-O 8.
Bc4 Nc6 9. O-O Bg4 10. h3 Bxf3 11. Qxf3 Nd4 12. Qd1 b5 13. Bb3 Nb4 14. c3 Nxb3
15. Qxb3 Nd3 16. Qxb5 f5 17. Ng3 c5 18. Qc4+ Kh8 19. b3 f4 20. Ne4 f3 21. g3
Rb8 22. Ba3 Qc8 23. Kh2 Rb6 24. Qxd3 Rh6 25. h4 Bxh4 26. Rh1 Bf6+ 27. Kg1 Rxh1+
28. Kxh1 Qh3+ 29. Kg1 Qg2# {Normal} 0-1

[Event "Rated Blitz game"]
[Site "?"]
[Date "2021.04.12"]
[Round "?"]
[White "toninhojit"]
[Black "batasjon"]
[Result "1-0"]
[WhiteElo "2450"]
[BlackElo "2284"]
[PlyCount "45"]
[EventDate "2021.??.??"]
[EventType "blitz"]

1. e4 e5 2. Nf3 d5 3. Nc3 dxe4 4. Nxe4 f5 5. Nc3 e4 6. Ne5 Qd4 7. f4 Nc6 8.
Qh5+ g6 9. Nxg6 hxg6 10. Qxg6+ Kd8 11. d3 e3 12. Qf7 Bb4 13. a3 Bxc3+ 14. bxc3
Qxc3+ 15. Kd1 Qxa1 16. Qf8+ Kd7 17. Qxf5+ Ke7 18. Qg5+ Nf6 19. Qg7+ Ke6 20.
Qxh8 Nd4 21. g3 Bd7 22. Bh3+ Kd6 23. Qxf6+ {Normal} 1-0

[Event "Rated Blitz tournament nz33GRzI"]
[Site "?"]
[Date "2021.04.12"]
[Round "?"]
[White "Hell-Jr"]
[Black "Mv17"]
[Result "0-1"]
[WhiteElo "2373"]
[BlackElo "2578"]
[PlyCount "138"]
[EventDate "2021.??.??"]
[EventType "blitz"]

1. e4 e5 2. Nf3 d5 3. Nxe5 Bd6 4. d4 dxe4 5. Nc4 Be7 6. Be2 Nf6 7. O-O O-O 8.
Ne5 c5 9. Be3 Qb6 10. Nc4 Qc7 11. Nc3 a6 12. a4 cxd4 13. Bxd4 Nc6 14. Bxf6 Bxf6
15. Nd5 Qd8 16. Ncb6 Rb8 17. Nxf6+ Qxf6 18. Nxc8 Rbxc8 19. c3 Rfd8 20. Qb3 Qe7
21. Rad1 Ne5 22. Rxd8+ Rxd8 23. Rd1 Rxd1+ 24. Qxd1 g6 25. Qd4 Nc6 26. Qd5 Kg7
27. Bc4 e3 28. fxe3 Qxe3+ 29. Kf1 Qc1+ 30. Ke2 Qxb2+ 31. Kf1 Qc1+ 32. Ke2 Qf4
33. g3 Qg4+ 34. Kf2 Qf5+ 35. Qxf5 gxf5 36. Bd5 Na5 37. Kf3 Kf6 38. Kf4 b5 39.
axb5 axb5 40. h3 Nc4 41. Bc6 Na3 42. Be8 Nb1 43. Bxb5 Nxc3 44. Bc6 Ne2+ 45. Ke3
Nxg3 46. Kf3 Nh5 47. Ba4 Kg5 48. Be8 f6 49. Bf7 h6 50. Kg2 Nf4+ 51. Kg3 Nd3 52.
Be8 f4+ 53. Kf3 h5 54. Ke4 Nc5+ 55. Kf3 h4 56. Bc6 Ne6 57. Bd7 Nc5 58. Bc8 f5
59. Kf2 Kf6 60. Kf3 Ke5 61. Kf2 Ne4+ 62. Kf3 Ng5+ 63. Kg2 f3+ 64. Kh2 Kf4 65.
Bd7 Ne4 66. Bc8 Nc3 67. Bd7 Nd1 68. Ba4 Ne3 69. Bb5 f2 {Normal} 0-1

[Event "Rated Blitz game"]
[Site "?"]
[Date "2021.04.12"]
[Round "?"]
[White "Titandelmundo"]
[Black "Dzon_Vejn"]
[Result "0-1"]
[WhiteElo "2332"]
[BlackElo "2413"]
[PlyCount "184"]
[EventDate "2021.??.??"]
[EventType "blitz"]

1. e4 e5 2. Nf3 d5 3. exd5 e4 4. Nd4 Qxd5 5. Nb3 Qe5 6. Nc3 Nc6 7. Be2 Bd6 8.
d4 exd3 9. Qxd3 Bf5 10. Qe3 Qxe3 11. Bxe3 Bxc2 12. Nd4 Bg6 13. Nxc6 bxc6 14.
Bf3 Ne7 15. O-O O-O 16. Ne4 Nd5 17. Bd2 Rab8 18. Nxd6 cxd6 19. b3 Ne7 20. Rac1
Rbc8 21. Bf4 d5 22. Rfe1 Nf5 23. Bg4 h5 24. Bxf5 Bxf5 25. Be3 a6 26. Bc5 Rfe8
27. f3 Be6 28. Kf2 f6 29. Re3 Kf7 30. Rce1 Rcd8 31. Bd4 Rd7 32. h3 Rc7 33. Bc5
Rb7 34. b4 Rd7 35. Bd4 g6 36. g4 h4 37. f4 f5 38. g5 Rb7 39. Bc5 Rd7 40. Bd4
Rd6 41. a3 Rd7 42. Kf3 Rb7 43. Rc3 Bd7 44. Rxe8 Bxe8 45. Bf2 Bd7 46. Bxh4 Ra7
47. Bf2 Ra8 48. h4 a5 49. bxa5 Rxa5 50. Bc5 Ra4 51. Bb4 Ra8 52. Re3 Be6 53. Rc3
Ra6 54. Re3 Rb6 55. Rc3 Ke8 56. Re3 Kd7 57. Rc3 Rb5 58. Rc5 Rb8 59. Ke3 Rh8 60.
Be1 Re8 61. Kd4 Bf7 62. Bg3 Re4+ 63. Kd3 Ra4 64. Rc3 Kd6 65. Bf2 Re4 66. Bc5+
Kd7 67. Be3 Ra4 68. Ke2 d4 69. Rd3 Bc4 70. Bxd4 Bxd3+ 71. Kxd3 Rxa3+ 72. Bc3
Ke6 73. Kd4 Ra4+ 74. Kc5 Rxf4 75. Kxc6 Rxh4 76. Bf6 Re4 77. Kc5 Re2 78. Kd4
Rd2+ 79. Ke3 Rd7 80. Kf4 Rf7 81. Kf3 Rxf6 82. gxf6 Kxf6 83. Kf4 g5+ 84. Kg3 Ke5
85. Kf3 f4 86. Kg4 Ke4 87. Kxg5 Ke3 88. Kh4 f3 89. Kh3 f2 90. Kg2 Ke2 91. Kg3
f1=Q 92. Kg4 Qf3+ {Normal} 0-1

[Event "Rated Blitz game"]
[Site "?"]
[Date "2021.04.12"]
[Round "?"]
[White "Chessplayer2075"]
[Black "DonCroccante"]
[Result "1-0"]
[WhiteElo "2409"]
[BlackElo "2285"]
[PlyCount "141"]
[EventDate "2021.??.??"]
[EventType "blitz"]

1. e4 e5 2. Nf3 d5 3. Nxe5 dxe4 4. d4 exd3 5. Bxd3 Bd6 6. Nc4 Be7 7. O-O Nf6 8.
Re1 O-O 9. Nc3 Nc6 10. Bg5 h6 11. Bh4 Bg4 12. Qd2 Nb4 13. Ne5 Nxd3 14. Nxd3 Bf5
15. Rad1 Re8 16. Ne5 Qxd2 17. Rxd2 Bb4 18. Bxf6 gxf6 19. Nf3 Bxc3 20. bxc3 Re6
21. Rxe6 Bxe6 22. a3 Kf8 23. g3 Ke7 24. Kf1 Rd8 25. Rxd8 Kxd8 26. Ne1 Kd7 27.
Ke2 Bc4+ 28. Ke3 c5 29. f4 Kc6 30. Kd2 Kb5 31. Kc1 Bf1 32. Nf3 Bg2 33. Nd2 Bd5
34. Kb2 h5 35. Nf1 Kc6 36. Ne3 Bh1 37. Kb3 Kd6 38. Kc4 a6 39. Kd3 Kc6 40. Kc4
Bf3 41. Kb3 b5 42. c4 Be2 43. cxb5+ axb5 44. Kc3 Bf3 45. Kd2 c4 46. c3 Kc5 47.
Kc2 Ba8 48. Kd2 Kd6 49. Ke2 Kc5 50. Kf2 Kb6 51. Nc2 Ka5 52. Nb4 Ka4 53. Ke3
Kxa3 54. Kd2 Kb3 55. Na6 Kb2 56. Nb4 Kb3 57. h3 Kb2 58. g4 Bf3 59. g5 fxg5 60.
fxg5 Bg2 61. h4 Bh3 62. Nd5 Bf5 63. Ne3 b4 64. cxb4 c3+ 65. Ke2 Bg6 66. b5 c2
67. Nxc2 Kxc2 68. b6 Be4 69. Ke3 Bb7 70. Kd4 Kd2 71. Ke5 {Time forfeit} 1-0

[Event "Rated Blitz game"]
[Site "?"]
[Date "2021.04.12"]
[Round "?"]
[White "sid-al_1979"]
[Black "Jomajo"]
[Result "1-0"]
[WhiteElo "2550"]
[BlackElo "2653"]
[PlyCount "127"]
[EventDate "2021.??.??"]
[EventType "blitz"]

1. e4 e5 2. Nf3 d5 3. exd5 e4 4. Qe2 Qe7 5. Nd4 Nf6 6. Nc3 Qe5 7. Nb3 Nbd7 8.
d4 exd3 9. cxd3 Bb4 10. Bd2 O-O 11. O-O-O Bxc3 12. Bxc3 Qxe2 13. Bxe2 Nxd5 14.
Bd2 N7f6 15. Bf3 b6 16. Rhe1 c5 17. Bg5 Rb8 18. a3 Be6 19. Nd2 h6 20. Bh4 Rbd8
21. Ne4 g5 22. Bg3 Nxe4 23. dxe4 Nf4 24. Bxf4 gxf4 25. e5 Bf5 26. Rd6 Rxd6 27.
exd6 Rd8 28. Rd1 Kg7 29. Bc6 Kf6 30. b4 cxb4 31. axb4 Ke6 32. d7 Ke7 33. Rd4
Bxd7 34. Bxd7 Rxd7 35. Rxf4 Ke6 36. Kc2 Ke5 37. Rh4 Rd6 38. Kc3 f5 39. Rc4 a6
40. Rc7 Kd5 41. f3 Rc6+ 42. Rxc6 Kxc6 43. Kc4 b5+ 44. Kd4 Kb6 45. g4 fxg4 46.
fxg4 a5 47. h4 a4 48. g5 hxg5 49. hxg5 a3 50. Kc3 a2 51. Kb2 Kc6 52. g6 Kd5 53.
g7 Kc4 54. g8=Q+ Kxb4 55. Qb3+ Kc5 56. Kxa2 b4 57. Kb2 Kb5 58. Qd3+ Kc5 59. Kb3
Kc6 60. Qc4+ Kb6 61. Qxb4+ Kc7 62. Qf4+ Kc6 63. Kc4 Kd7 64. Qe5 {Time forfeit}
1-0

[Event "Rated Blitz tournament 8oXavcq8"]
[Site "?"]
[Date "2021.04.11"]
[Round "?"]
[White "fireanigirl"]
[Black "babageldi2277"]
[Result "1/2-1/2"]
[WhiteElo "2723"]
[BlackElo "2623"]
[PlyCount "32"]
[EventDate "2021.??.??"]
[EventType "blitz"]

1. e4 e5 2. Nf3 d5 3. exd5 e4 4. Qe2 Be7 5. Qxe4 Nf6 6. Qa4+ c6 7. dxc6 O-O 8.
Be2 Nxc6 9. O-O Re8 10. d3 Bd6 11. Nc3 Nb4 12. a3 Bd7 13. Qb3 Be6 14. Qa4 Bd7
15. Qb3 Be6 16. Qa4 Bd7 {Normal} 1/2-1/2

[Event "Rated Blitz game"]
[Site "?"]
[Date "2021.04.11"]
[Round "?"]
[White "Grosbol"]
[Black "GrandeGila"]
[Result "1-0"]
[WhiteElo "2298"]
[BlackElo "2459"]
[PlyCount "99"]
[EventDate "2021.??.??"]
[EventType "blitz"]

1. e4 e5 2. Nf3 d5 3. exd5 e4 4. Ne5 Bd6 5. d4 Nd7 6. Bb5 a6 7. Bxd7+ Bxd7 8.
Nxd7 Qxd7 9. c4 Qe7 10. Be3 Qh4 11. h3 f5 12. g3 Qf6 13. Qd2 h6 14. h4 O-O-O
15. Nc3 Kb8 16. O-O-O Bb4 17. a3 Bxc3 18. Qxc3 Ne7 19. h5 Rd6 20. Bf4 Rd7 21.
Kb1 Rhd8 22. Qe3 Qf7 23. Be5 Nc8 24. Qf4 Nb6 25. Rc1 a5 26. Rh4 a4 27. g4 Qe7
28. Rh3 fxg4 29. Qxg4 Rf8 30. f4 exf3 31. Rxf3 Rxf3 32. Qxf3 Qe8 33. Qf5 Ka7
34. Qg6 Qf8 35. Qd3 Rf7 36. c5 Nxd5 37. Qc4 Qd8 38. Qxa4+ Kb8 39. c6 b6 40. Qa6
Qc8 41. Qc4 Qf5+ 42. Ka1 Ne3 43. Qa6 Qc8 44. Qxb6+ Ka8 45. Qa5+ Kb8 46. Qb5+
Ka8 47. Qa4+ Kb8 48. Qb3+ Ka7 49. Qxf7 Nd5 50. Qxd5 {Normal} 1-0

[Event "Rated Blitz tournament eUisp0Ym"]
[Site "?"]
[Date "2021.04.11"]
[Round "?"]
[White "Kakorin_123"]
[Black "FG-Panes111"]
[Result "1-0"]
[WhiteElo "2392"]
[BlackElo "2407"]
[PlyCount "77"]
[EventDate "2021.??.??"]
[EventType "blitz"]

1. e4 e5 2. Nf3 d5 3. Nxe5 Bd6 4. d4 dxe4 5. Nc4 Nf6 6. Nc3 O-O 7. Be2 Nc6 8.
Be3 Bf5 9. O-O h6 10. h3 Bh7 11. d5 Ne5 12. Nxd6 Qxd6 13. Qd4 a6 14. Rad1 Rfe8
15. a3 Rad8 16. Rfe1 Ned7 17. Qb4 Qxb4 18. axb4 g5 19. d6 c6 20. Na4 Nd5 21.
Nc5 Nxe3 22. fxe3 Nxc5 23. bxc5 Re5 24. b4 a5 25. c3 f5 26. Bc4+ Kg7 27. g3 Rf8
28. Rf1 Bg6 29. Rb1 axb4 30. cxb4 Rd8 31. Ra1 b6 32. Ra7+ Kf6 33. cxb6 Rb8 34.
b7 Ree8 35. Ba6 Red8 36. Rd1 Ke5 37. d7 Bf7 38. b5 Be6 39. bxc6 {Time forfeit}
1-0

[Event "Rated Rapid game"]
[Site "?"]
[Date "2021.04.11"]
[Round "?"]
[White "toog"]
[Black "ZumruduuAnka"]
[Result "1-0"]
[WhiteElo "2602"]
[BlackElo "2313"]
[PlyCount "57"]
[EventDate "2021.??.??"]
[EventType "rapid"]

1. e4 e5 2. Nf3 d5 3. exd5 e4 4. Qe2 Nf6 5. d3 Bb4+ 6. c3 O-O 7. dxe4 Bc5 8.
Bg5 Re8 9. Nbd2 Nbd7 10. Qc4 b5 11. Bxf6 Qxf6 12. Qb3 Ne5 13. Bxb5 Rb8 14.
O-O-O Nd3+ 15. Kb1 Bd7 16. Bxd3 Rxb3 17. Nxb3 Bxf2 18. Rhf1 Bb6 19. c4 Ba4 20.
e5 Qh6 21. Rde1 Bxb3 22. axb3 a5 23. h4 Qf4 24. Bxh7+ Kh8 25. Ng5 Qxh4 26.
Nxf7+ Kxh7 27. Rh1 Qxh1 28. Rxh1+ Kg6 29. e6 {Normal} 1-0

[Event "Rated Blitz game"]
[Site "?"]
[Date "2021.04.11"]
[Round "?"]
[White "Mikasinski"]
[Black "Chessbear_163"]
[Result "0-1"]
[WhiteElo "2439"]
[BlackElo "2338"]
[PlyCount "44"]
[EventDate "2021.??.??"]
[EventType "blitz"]

1. e4 e5 2. Nf3 d5 3. Nxe5 Bd6 4. d4 dxe4 5. Nc4 Nc6 6. Nc3 Bb4 7. d5 Nce7 8.
Ne3 f5 9. Bb5+ Bd7 10. Bxd7+ Qxd7 11. Qd4 Bxc3+ 12. bxc3 Nf6 13. c4 O-O 14. O-O
f4 15. Nd1 c6 16. Ba3 Rfd8 17. Nc3 Nf5 18. Qe5 f3 19. dxc6 bxc6 20. Rad1 Nd4
21. Nxe4 Ne2+ 22. Kh1 Qxd1 {Normal} 0-1

[Event "Rated Blitz game"]
[Site "?"]
[Date "2021.04.11"]
[Round "?"]
[White "DressForAnna"]
[Black "Jomajo"]
[Result "0-1"]
[WhiteElo "2696"]
[BlackElo "2629"]
[PlyCount "78"]
[EventDate "2021.??.??"]
[EventType "blitz"]

1. e4 e5 2. Nf3 d5 3. Nxe5 Bd6 4. d4 dxe4 5. Bc4 Bxe5 6. Qh5 Qe7 7. Qxe5 Qxe5
8. dxe5 Nc6 9. Bf4 Nge7 10. Nc3 Bf5 11. O-O-O Ng6 12. Bg3 Ncxe5 13. Bb3 c6 14.
h4 h5 15. Rhe1 O-O 16. Nxe4 Bxe4 17. Rxe4 Ng4 18. Rb4 b6 19. Rd6 c5 20. Rxg4
hxg4 21. Rxg6 Rfe8 22. Rxg4 Rad8 23. f3 Re2 24. Bc4 Rxg2 25. Bd3 c4 26. Bc7
Rxg4 27. fxg4 Rd7 28. Bxc4 Rxc7 29. Bd5 b5 30. b3 b4 31. Kb2 Rc3 32. Be4 Rg3
33. Bf5 g6 34. Bc8 a5 35. a3 Kg7 36. axb4 axb4 37. h5 gxh5 38. gxh5 Kh6 39. Bf5
Rc3 {Normal} 0-1

[Event "Rated Blitz game"]
[Site "?"]
[Date "2021.04.11"]
[Round "?"]
[White "ljdr"]
[Black "KamranShirazi"]
[Result "1-0"]
[WhiteElo "2519"]
[BlackElo "2569"]
[PlyCount "69"]
[EventDate "2021.??.??"]
[EventType "blitz"]

1. e4 e5 2. Nf3 d5 3. exd5 e4 4. Qe2 Nf6 5. d3 Bb4+ 6. c3 O-O 7. dxe4 Bc5 8.
Bg5 Re8 9. Nbd2 h6 10. Bxf6 Qxf6 11. O-O-O c6 12. e5 Qg6 13. Ne4 Bb6 14. Nd6
Rd8 15. Nxc8 Rxc8 16. e6 cxd5 17. exf7+ Qxf7 18. Ne5 Qf4+ 19. Kb1 Nc6 20. Nd3
Qf6 21. Qd2 Re8 22. Be2 Rad8 23. Bf3 d4 24. c4 Ne5 25. Bd5+ Kh8 26. Nf4 Ng4 27.
h3 Ne5 28. g4 d3 29. Rhe1 g5 30. Nxd3 Nxd3 31. Qxd3 Rxe1 32. Rxe1 Qxf2 33. Re7
Qg1+ 34. Kc2 Qf2+ 35. Kb3 {Normal} 1-0

[Event "Rated Blitz game"]
[Site "?"]
[Date "2021.04.11"]
[Round "?"]
[White "girafik"]
[Black "KamranShirazi"]
[Result "1/2-1/2"]
[WhiteElo "2534"]
[BlackElo "2544"]
[PlyCount "111"]
[EventDate "2021.??.??"]
[EventType "blitz"]

1. e4 e5 2. Nf3 d5 3. d4 dxe4 4. Nxe5 Nd7 5. Nc4 f5 6. Be2 Ngf6 7. O-O Nb6 8.
Bf4 Be6 9. Ne3 Nbd5 10. Be5 Nxe3 11. fxe3 g6 12. c4 Bg7 13. d5 Bd7 14. Qd4 O-O
15. Nc3 b6 16. Rad1 c5 17. Qd2 Qe8 18. Bd6 Rf7 19. b4 cxb4 20. Bxb4 Rc8 21. a4
Bxa4 22. Ra1 Bb3 23. Nb5 Bf8 24. Bxf8 Qxf8 25. Qc3 Bxc4 26. Bxc4 Nxd5 27. Qb3
Rxc4 28. Qxc4 Nxe3 29. Qe6 Nxf1 30. Nd6 Qe7 31. Qxf7+ Qxf7 32. Nxf7 Nd2 33. Nd6
a5 34. Kf2 f4 35. Ke2 Nb3 36. Rd1 e3 37. Kf3 g5 38. h4 h6 39. h5 a4 40. Nf5 a3
41. Nxh6+ Kf8 42. Rd8+ Ke7 43. Ra8 Na5 44. Nf5+ Kf6 45. Nd4 a2 46. Nc2 e2 47.
Kxe2 Nb3 48. h6 Kg6 49. Ra6 Kxh6 50. Rxb6+ Kh5 51. Rxb3 g4 52. Na1 Kh4 53. Kf2
Kg5 54. Rb5+ Kh4 55. Rf5 g3+ 56. Kf3 {Normal} 1/2-1/2

[Event "Rated Rapid game"]
[Site "?"]
[Date "2021.04.11"]
[Round "?"]
[White "JCaselas"]
[Black "todosarrugan"]
[Result "1-0"]
[WhiteElo "2419"]
[BlackElo "2316"]
[PlyCount "83"]
[EventDate "2021.??.??"]
[EventType "rapid"]

1. e4 e5 2. Nf3 d5 3. exd5 e4 4. Qe2 Nf6 5. Nc3 Be7 6. Nxe4 O-O 7. d3 Re8 8.
Bd2 Nxd5 9. O-O-O f5 10. Be3 Nxe3 11. Qxe3 fxe4 12. dxe4 Bd7 13. Kb1 Qc8 14.
Bd3 Nc6 15. h4 Bg4 16. Bc4+ Be6 17. Qb3 Bf6 18. Bd5 Nd8 19. e5 Be7 20. Nd4 Bf8
21. Nxe6 Nxe6 22. Bxb7 Qb8 23. f4 Kh8 24. Bxa8 Qxa8 25. g3 a5 26. Qd5 a4 27.
Qxa8 Rxa8 28. a3 Rb8 29. Kc1 c5 30. c3 c4 31. Rd5 Nc5 32. Rhd1 Be7 33. Kc2 Nd3
34. R1xd3 cxd3+ 35. Rxd3 Kg8 36. h5 Kf7 37. Rd7 Ke6 38. Ra7 Bf8 39. g4 h6 40.
Rxa4 Kd5 41. Rd4+ Kc5 42. b4+ {Normal} 1-0

[Event "Rated Blitz game"]
[Site "?"]
[Date "2021.04.11"]
[Round "?"]
[White "iron_fistt"]
[Black "DonCroccante"]
[Result "1-0"]
[WhiteElo "2488"]
[BlackElo "2308"]
[PlyCount "79"]
[EventDate "2021.??.??"]
[EventType "blitz"]

1. e4 e5 2. Nf3 d5 3. exd5 e4 4. Qe2 Nf6 5. Nc3 Be7 6. Nxe4 O-O 7. d3 Nxd5 8.
Bd2 f5 9. Nc3 Bf6 10. O-O-O Re8 11. Qxe8+ Qxe8 12. Nxd5 Bxb2+ 13. Kxb2 Qb5+ 14.
Nb4 a5 15. d4 Qb6 16. Bc4+ Kh8 17. Rhe1 Bd7 18. a3 Nc6 19. d5 axb4 20. dxc6
bxa3+ 21. Kc3 Qb2+ 22. Kd3 Bxc6 23. Bc3 Rd8+ 24. Nd4 Qb6 25. Bb3 h6 26. f3 Qc5
27. Ba1 f4 28. Ke2 Bb5+ 29. Kf2 Ba6 30. Kg1 Bc4 31. Kh1 Bxb3 32. Nxb3 Qf8 33.
Bd4 b6 34. c3 c5 35. Be5 a2 36. Rxd8 Qxd8 37. Na1 Qd5 38. Kg1 Qb3 39. Kf1 Qb2
40. c4 {Time forfeit} 1-0

[Event "Rated Blitz game"]
[Site "?"]
[Date "2021.04.11"]
[Round "?"]
[White "sergeybabenko"]
[Black "DonCroccante"]
[Result "1-0"]
[WhiteElo "2459"]
[BlackElo "2297"]
[PlyCount "61"]
[EventDate "2021.??.??"]
[EventType "blitz"]

1. e4 e5 2. Nf3 d5 3. Nxe5 Bd6 4. d4 dxe4 5. Nc4 Be7 6. Be2 Nf6 7. O-O Nc6 8.
Be3 Nd5 9. Bd2 Nxd4 10. Re1 O-O 11. Bf1 f5 12. Nc3 Bf6 13. Nxd5 Qxd5 14. Bf4
Be6 15. c3 Qc6 16. cxd4 Bxc4 17. Rc1 b5 18. b3 Rad8 19. Be3 f4 20. Bxf4 Bxd4
21. Qg4 Qf6 22. Rxe4 Bxf1 23. Rxf1 Bb6 24. Bg5 Qxf2+ 25. Rxf2 Rxf2 26. Be3 Bxe3
27. Rxe3 Rf7 28. h4 h6 29. Qe6 Rdf8 30. Rf3 Kh7 31. Rxf7 {Normal} 1-0

[Event "Rated Blitz game"]
[Site "?"]
[Date "2021.04.11"]
[Round "?"]
[White "olkhovskiy"]
[Black "Taabling"]
[Result "1-0"]
[WhiteElo "2405"]
[BlackElo "2414"]
[PlyCount "111"]
[EventDate "2021.??.??"]
[EventType "blitz"]

1. e4 e5 2. Nf3 d5 3. Nxe5 Bd6 4. d4 dxe4 5. Qe2 Nf6 6. Bg5 O-O 7. Nc3 Bb4 8.
Qc4 Bxc3+ 9. Qxc3 h6 10. Bh4 Nc6 11. O-O-O Qd6 12. Bg3 Nd5 13. Qb3 Be6 14. c4
Nf6 15. Nxc6 Qxc6 16. Kb1 Bf5 17. d5 Qc5 18. Be5 e3+ 19. Bd3 Bxd3+ 20. Qxd3
exf2 21. Bxf6 gxf6 22. Rhf1 Rae8 23. Qg3+ Kh7 24. Qxf2 Qxf2 25. Rxf2 Re4 26. b3
Rg8 27. g3 Rg6 28. Rdf1 Kg7 29. Kc2 h5 30. Kd3 Re5 31. Re2 h4 32. Rf3 hxg3 33.
hxg3 a5 34. Rxe5 fxe5 35. Ke4 f6 36. c5 Rg4+ 37. Kf5 Rd4 38. Ke6 b6 39. d6 cxd6
40. cxd6 e4 41. Rf4 Kg6 42. d7 f5 43. Ke7 e3 44. Rf1 Re4+ 45. Kd6 Rd4+ 46. Kc7
Kg5 47. Re1 f4 48. gxf4+ Kxf4 49. d8=Q Rxd8 50. Kxd8 Kf3 51. Kc7 b5 52. Kb6 b4
53. Kxa5 Kf2 54. Rc1 e2 55. Kxb4 e1=R 56. Rxe1 {Normal} 1-0

[Event "Rated Blitz tournament 8oXavcq8"]
[Site "?"]
[Date "2021.04.11"]
[Round "?"]
[White "EminovOrkhan"]
[Black "Akbas_Kaan"]
[Result "1-0"]
[WhiteElo "2527"]
[BlackElo "2427"]
[PlyCount "62"]
[EventDate "2021.??.??"]
[EventType "blitz"]

1. e4 e5 2. Nf3 d5 3. Nxe5 Bd6 4. d4 dxe4 5. Nc3 Nf6 6. Bc4 O-O 7. O-O Nbd7 8.
Nxd7 Bxd7 9. Bg5 h6 10. Bxf6 Qxf6 11. Nxe4 Bxh2+ 12. Kxh2 Qh4+ 13. Kg1 Qxe4 14.
Re1 Qg6 15. Bd3 Qg5 16. c3 Rfe8 17. Qb3 Bc6 18. Bf1 Qd2 19. Rad1 Qxe1 20. Rxe1
Rxe1 21. f3 Rae8 22. Kf2 a6 23. d5 Bb5 24. c4 Bd7 25. Qxb7 Rb1 26. b3 Ree1 27.
Bd3 Rbd1 28. Qxc7 Re7 29. Qd8+ Re8 30. Qxd7 Rd2+ 31. Kg3 Re5 {Normal} 1-0